Noms de rivières d'origine gauloise - Statistiques

Statistiques générales
  • Ce quiz a été pris 44 fois
  • Le résultat moyen est 9 sur 15
Statistiques - réponses
Hint Réponse % Correct
"Garumna", l'Eau au lit caillouteux la Garonne
100%
Du gaulois "Rhenos": le flot le Rhin
100%
"Rodanos", le grand fleuve le Rhône
100%
"Sequana", l'eau jaillissante la Seine
95%
"Ledo", le flux le Loir
95%
"Liger", la Limoneuse la Loire
89%
"Dubis", l'eau "sombre" le Doubs
89%
"Vigenna", l'Eau courbée ( le lit fait un coude) la Vienne
65%
"Matronas", l'Eau Mère la Marne
57%
"Souconna", l'Eau jaillissante la Saône
57%
"Carantonos", l'Eau bien-aimée la Charente
46%
"Icauna" l'Yonne
11%
"Axona", le cours d'eau (original...) l'Aisne
8%
"Alba" l'Aube
8%
"Isara", l'eau de la basse frontière" l'Oise
3%
Aucun quiz correspondant
Distribution des résultats
% des personnes avec chaque résultat
Percentile par nombre de réponses
Votre historique - résultats
Vous n’avez pas pris ce quiz